000 00643nam1a22002411 4500
001 RU\NLR\INFOCOMM5\ROSSICA\1000307063
005 20240725034940.0
035 _a(NLR Aleph) 009941281
090 _a10761869
_c10761869
100 _a20030911d1897 |||y0rusy50 ba
101 0 _ager
102 _aRU
105 _ay ||||000ay
200 1 _aDie Irtysch Ostjaken und ihre Volkspoesie
_fS. Patkanow
210 _aSt.Petersburg
_d1897
215 _d
700 1 _aPatkanov
_bS.
_gSzerafim
_4070
801 1 _aRU
_bInfoComm
_c20030911
801 0 _aRU
_bNLR
_gPSBO
852 _aNLR
_j12.44.4.114
942 _cBOOK
980 _aRossica